| 000 | 00863nam a2200241 i 4500 | ||
|---|---|---|---|
| 001 | 12675 | ||
| 003 | ES-MaACL | ||
| 005 | 20250804223815.0 | ||
| 007 | t| | ||
| 008 | 921120s1990 sp |||| | spa d | ||
| 020 | _a84-7232-577-6 | ||
| 080 | _a1 Sarmiento, Domingo Faustino | ||
| 245 | 0 | 0 |
_aDomingo Faustino Sarmiento / _cedición de Victoria Galvani. |
| 260 |
_aMadrid : _bCultura Hispánica, _c1990. |
||
| 300 |
_a181 p. ; _c24 cm. |
||
| 490 | 1 |
_aAntología del pensamiento político, social y económico de América Latina ; _v13 |
|
| 504 | _aBibliografía: p. 171-181. | ||
| 600 | 1 | 4 |
_aSarmiento, Domingo Faustino, _d1811-1888 _9103825 |
| 700 | 1 |
_aGalvani, Victoria. _953695 |
|
| 830 | 1 | 0 |
_aAntología del pensamiento político, social y económico de América Latina _v13 _9178008 |
| 852 |
_aES-MaACL _jL-20029 |
||
| 999 |
_c12675 _d12675 |
||